| 000 | 00541nam a2200217Ia 4500 | ||
|---|---|---|---|
| 003 | OSt | ||
| 005 | 20220928151627.0 | ||
| 006 | a|||||r|||| 00| 0 | ||
| 007 | ta | ||
| 008 | 220927b |||||||| |||| 00| 0 eng d | ||
| 024 | _a129065 | ||
| 037 | _cTextual | ||
| 040 |
_aSDCL _cSDCL _beng |
||
| 041 |
_2eng _aeng |
||
| 082 | _aO-973,1:g, J1 | ||
| 100 |
_aBogan Louise _9517822 |
||
| 245 | 0 | _aAchievement in American poetry. | |
| 260 | _c1951 | ||
| 942 |
_hO-973,1:g, J1 _cTEXL _2CC |
||
| 999 |
_c852225 _d852225 |
||